Viral Infections of Humans. (Record no. 4769)

MARC details
000 -LEADER
fixed length control field 00589nam a22001937a 4500
003 - CONTROL NUMBER IDENTIFIER
control field OSt
005 - DATE AND TIME OF LATEST TRANSACTION
control field 20160718144800.0
008 - FIXED-LENGTH DATA ELEMENTS--GENERAL INFORMATION
fixed length control field 160718b xxu||||| |||| 00| 0 eng d
020 ## - INTERNATIONAL STANDARD BOOK NUMBER
International Standard Book Number 0306448564
040 ## - CATALOGING SOURCE
Transcribing agency DNLM.
082 ## - DEWEY DECIMAL CLASSIFICATION NUMBER
Classification number WC500V816a 1997.
100 ## - MAIN ENTRY--PERSONAL NAME
Personal name Edited by Evans,S.Alfred;Kaslow,A.Richard;
9 (RLIN) 10261
245 ## - TITLE STATEMENT
Title Viral Infections of Humans.
Remainder of title Epidemiology and Control.
260 ## - PUBLICATION, DISTRIBUTION, ETC. (IMPRINT)
Place of publication, distribution, etc. London.
-- New York.
Name of publisher, distributor, etc. Plenum medical Book Company.
Date of publication, distribution, etc. 1997.
300 ## - PHYSICAL DESCRIPTION
Extent xxxviii,529p;
Other physical details col,ill;
Dimensions 27cm.
504 ## - BIBLIOGRAPHY, ETC. NOTE
Bibliography, etc includes references,
650 ## - SUBJECT ADDED ENTRY--TOPICAL TERM
Topical term or geographic name as entry element Epidemiology.
9 (RLIN) 1064
942 ## - ADDED ENTRY ELEMENTS (KOHA)
Source of classification or shelving scheme Other/Generic Classification Scheme
Koha item type Open Shelf
Holdings
Withdrawn status Lost status Source of classification or shelving scheme Damaged status Not for loan Home library Current library Date acquired Source of acquisition Inventory number Total Checkouts Full call number Barcode Date last seen Price effective from Koha item type
    Other/Generic Classification Scheme     MUST Main Library MUST Main Library 18/07/2016   08/30333   WC500V816a 1997. 2016-3244 18/07/2016 18/07/2016 Open Shelf
    Other/Generic Classification Scheme     MUST Main Library MUST Main Library 18/07/2016   08/30336   WC500V816a 1997. 2016-3245 18/07/2016 18/07/2016 Open Shelf
    Other/Generic Classification Scheme     MUST Main Library MUST Main Library 18/07/2016   08/30340   WC500V816a 1997. 2016-3246 18/07/2016 18/07/2016 Open Shelf
    Other/Generic Classification Scheme     MUST Main Library MUST Main Library 18/07/2016   08/30337   WC500V816a 1997. 2016-3247 18/07/2016 18/07/2016 Open Shelf
    Other/Generic Classification Scheme     MUST Main Library MUST Main Library 18/07/2016   08/30338   WC500V816a 1997. 2016-3248 18/07/2016 18/07/2016 Open Shelf
    Other/Generic Classification Scheme     MUST Main Library MUST Main Library 18/07/2016   08/30334   WC500V816a 1997. 2016-3249 18/07/2016 18/07/2016 Open Shelf
    Other/Generic Classification Scheme     MUST Main Library MUST Main Library 18/07/2016   08/30341   WC500V816a 1997. 2016-3250 18/07/2016 18/07/2016 Open Shelf
    Other/Generic Classification Scheme     MUST Main Library MUST Main Library 18/07/2016   08/30339   WC500V816a 1997. 2016-3251 18/07/2016 18/07/2016 Open Shelf
    Other/Generic Classification Scheme     MUST Main Library MUST Main Library 18/07/2016   08/30335   WC500V816a 1997. 2016-3252 18/07/2016 18/07/2016 Open Shelf
    Other/Generic Classification Scheme     MUST Main Library MUST Main Library 20/07/2016   08/30332   WC500V816a 1997. 2016-3337 20/07/2016 20/07/2016 Open Shelf